000 00423nam a2200157 i 4500
001 148042
003 ES-MaACL
005 20230906202409.0
007 t|
008 070214s1946 xxu r ||||1| eng d
100 1 _aSpring, Howard.
_9107805
245 1 0 _aAnd another thing /
_cHoward Spring.
260 _aNew York :
_bHarper and Brothers,
_c1946.
300 _a265 p. ;
_c21 cm.
852 _aES-MaACL
_jC-25554
_bR.54192
999 _c148042
_d148042